| 000 | 00783cam9a220021700 4500 | ||
|---|---|---|---|
| 001 | tmp15687967 | ||
| 003 | UPRA | ||
| 005 | 20190822121611.0 | ||
| 008 | 951004s1961 at eng u | ||
| 035 | _a(Sirsi) r52459 | ||
| 035 | _a(UPRA)tmp15687967 | ||
| 040 | _cUPRA | ||
| 100 | 1 |
_aWebster, H. C. (Hugh Colin), 1905- _qWebster, H. C. (Hugh Colin), 1905- _dWebster, H. C. (Hugh Colin), 1905- _6A11007.1 |
|
| 245 | 1 | 0 |
_aMedical and biological physics / _cby H.C. Webster and D.F. Robertson. |
| 260 |
_aBrisbane : _bUniversity of Queensland, _c1961. |
||
| 650 | 0 |
_aPhysics. _6S40.2 |
|
| 650 | 0 |
_aMedical physics. _6S7399.1 |
|
| 700 | 1 |
_aRobertson, D. F. (Donald Fyfe) _qRobertson, D. F. (Donald Fyfe) _6A11008.1 |
|
| 949 |
_aR895 _wlcc _i-66753 _mMAIN _tBOOK _lON-SHELF |
||
| 004 | 52459 | ||
| 999 |
_c135046 _d135046 |
||